| 000 | 01835nam a2200217Ia 4500 | ||
|---|---|---|---|
| 003 | Ost | ||
| 005 | 20260507075310.0 | ||
| 008 | 260507s9999||||xx |||||||||||||| ||und|| | ||
| 020 | _a1571217977 | ||
| 040 | _cfsecg | ||
| 041 | _aara | ||
| 082 | _a330 | ||
| 100 |
_aعبد الرحمان، عبد الرحيم عنتر _eمؤلف |
||
| 245 | 0 |
_aحقوق الملكية الفكرية و أثرها الاقتصادي / _c عبد الرحيم عنتر عبد الرحمان |
|
| 260 |
_aالاسكندرية: _bدار الفكر الجامعي, _c2009 |
||
| 300 |
_a545 صفحة؛ _c24 سم |
||
| 520 | _a1)التطور التاريخي لحقوق الملكية الفكرية : حقوق الملكية الفكرية قبل اتفاقية التريبس ، التريبس و حماية حقوق الملكية الفكرية و الملامح العامة لقانون حماية حقوق الملكية الفكرية المصري رقم 82 لسنة 2002؟، الرؤية العالمية بشأن حماية المعلومات غير المفصح عنها 2)التريبس و رفع مستويات حماية حقوق الملكية الفكرية : إنفاذ حقوق الملكية الفكرية و معايير حمايتها ، منع و تسوية المنازعات 3) أثر تطبيق اتفاقية التريبس على اقتصاديات الدول النامية : حماية الملكية الفكرية من المنظور الاقتصادي ، الأثر الاقتصادي لحماية حقوق الملكية الفكرية ، أثر حماية حقوق الملكية الفكرية على البحث و التطوير ، حقوق الملكية الفكرية و نقل التكنولوجيا. | ||
| 653 | _aالملكية الفكرية | ||
| 653 | _aبراءات الاختراع | ||
| 942 | _cكتاب | ||
| 999 |
_c43854 _d43854 |
||